Dictionary of accounting

Αποθηκεύτηκε σε:
Λεπτομέρειες βιβλιογραφικής εγγραφής
Κύριος συγγραφέας: Collin, P. H. (Peter Hodgson)
Άλλοι συγγραφείς: Joliffe, Adrian
Μορφή: Βιβλίο
Γλώσσα:English
Δημοσίευση: Great Britain : Peter Collin Publishing, c1992
Θέματα:
Ετικέτες: Προσθήκη ετικέτας
Δεν υπάρχουν, Καταχωρήστε ετικέτα πρώτοι!

MARC

LEADER 00000nam a2200000 i 4500
001 1/68186
008 970916s1992 eng d
020 |a 0948549270 
035 |a ΠΑΡ-1997  |b 04/04  |c ΡΟΓΔΑΚΗ  |l 10030147 
040 |a GR-MY-UA  |b    |e aacr 
041 0 |a eng 
082 0 |a 657.03 
100 1 |a Collin, P. H.  |q (Peter Hodgson) 
245 1 0 |a Dictionary of accounting /  |c P.H. Collin, Adrian Joliffe 
260 |a Great Britain :   |b Peter Collin Publishing,   |c c1992 
300 |a 243 σ. 
650 0 0 |a Accounting  |x Dictionaries. 
700 1 |a Joliffe, Adrian. 
852 |a INST  |b CHIOS  |e 19970916  |h 657.03 COL  |p 005200010489  |q 005200010489  |t REF  |y 23 
909 |a Χ  |b 050802 
922 |a 2ΕΛΗ  |b 199707  |c ΡΟΓΔΑΚΗ  |d ΚΩΣΤΑΡΑΚΗΣ